Statistics for Ligue 2 Orange 2013-2014

Click here to take the quiz!

General Stats

  • This quiz has been taken 14 times
  • The average score is 15 of 20

Answer Stats

Team% Correct
CA Bastia
93%
FC Metz
93%
RC Lens
93%
Stade Brestois 29
93%
AJ Auxerre
86%
Stade Malherbe Caen
86%
Tours FC
86%
Angers SCO
79%
AS Nancy
79%
Dijon FCO
79%
AC Arles-Avignon
71%
Le Havre AC
71%
Stade Lavallois
71%
Chamois Niortais FC
64%
Clermont Foot
64%
ES Troyes AC
64%
FC Istres
64%
Nimes Olympique
64%
LB Chateauroux
57%
US Creteil-Lusitanos
43%

Score Distribution

Percentile by Number Answered

Percent of People with Each Score

Your Score History

You have not taken this quiz